[Event "2. Bundesliga Mitte (10)"]
[Site "?"]
[Date "2005.04.02"]
[Round "10.5"]
[White "Smole, Albert"]
[Black "Winiwarter, Felix"]
[Result "1/2-1/2"]
[WhiteElo "2143"]
[BlackElo "2219"]
[PlyCount "111"]
[EventDate "2005.??.??"]
[SourceDate "2005.04.02"]

1. Nf3 Nf6 2. c4 g6 3. Nc3 Bg7 4. g3 O-O 5. Bg2 d6 6. O-O Nc6 7. d3 e5 8. Bd2
h6 9. a3 Be6 10. e4 Qd7 11. Re1 Nh5 12. Nd5 Kh7 13. Bc3 Rae8 14. d4 Bg4 15.
dxe5 Nxe5 16. Nxe5 Bxe5 17. Qd2 c6 18. Ne3 Bh3 19. Bh1 Nf6 20. f3 Qc7 21. Rad1
Rd8 22. f4 Bxc3 23. Qxc3 Qe7 24. Nc2 Rfe8 25. Rd3 Ng4 26. Bf3 h5 27. Qb4 Qc7
28. Qc3 Qe7 29. Qd2 Qf6 30. Ne3 Qe7 31. Nd1 Qc7 32. Nf2 Qb6 33. Rd4 Nxf2 34.
Qxf2 Qb3 35. Re3 Qb6 36. Rd2 d5 37. cxd5 cxd5 38. Red3 d4 39. Rxd4 Rxd4 40.
Qxd4 Qb5 41. Rd1 Qb3 42. Rd3 Qb5 43. a4 Qa6 44. Be2 Rc8 45. Kf2 Rc2 46. Ke1 Rc4
47. Qe5 Qb6 48. Rc3 Rxa4 49. Rc5 Qb4+ 50. Kf2 Ra1 51. Rc7 Qe1+ 52. Ke3 Qg1+ 53.
Kd3 Qb1+ 54. Ke3 Qg1+ 55. Kd3 Qb1+ 56. Ke3 1/2-1/2

[Event "2. Bundesliga Mitte (10)"]
[Site "?"]
[Date "2005.04.02"]
[Round "10.2"]
[White "Seifert, Volker"]
[Black "Mazi, Leon"]
[Result "0-1"]
[WhiteElo "2329"]
[BlackElo "2401"]
[PlyCount "106"]
[EventDate "2005.??.??"]
[SourceDate "2005.04.02"]

1. d4 Nf6 2. c4 d6 3. Nc3 e5 4. Nf3 Nbd7 5. Bg5 h6 6. Bh4 c6 7. e3 Be7 8. Qc2
O-O 9. O-O-O Qa5 10. g4 Re8 11. g5 hxg5 12. Nxg5 Nf8 13. c5 exd4 14. exd4 Ng6
15. Bg3 dxc5 16. Bc4 Nh8 17. Nxf7 b5 18. Nxh8+ bxc4 19. Ng6 cxd4 20. Nxe7+ Rxe7
21. Rxd4 Be6 22. Bh4 Qe5 23. Rhd1 Bf5 24. Qa4 Bd3 25. Rxc4 Bxc4 26. Qxc4+ Qe6
27. Qc5 Rd7 28. Rg1 Nd5 29. Nxd5 Rxd5 30. Qc3 Qh6+ 31. Kb1 Rf8 32. a3 Rf7 33.
Bg3 Qf6 34. Qe3 Qf5+ 35. Ka1 Rfd7 36. Qe8+ Kh7 37. Qe2 Rd2 38. Qc4 Rd1+ 39.
Rxd1 Rxd1+ 40. Ka2 Qb1+ 41. Kb3 Rd3+ 42. Ka4 Rd5 43. Qe2 Qf5 44. Kb3 a5 45. Qc4
Qe6 46. Ka4 Qf6 47. b4 Qf3 48. Qc2+ Kh8 49. Bc7 axb4 50. axb4 Rd7 51. Bb6 Rd3
52. Be3 Qd5 53. Bc5 Rd2 0-1

[Event "2. Bundesliga Mitte (10)"]
[Site "?"]
[Date "2005.04.02"]
[Round "10.6"]
[White "Stuhlik, Marko"]
[Black "Zechner, Gernot"]
[Result "0-1"]
[WhiteElo "2246"]
[BlackElo "2212"]
[PlyCount "124"]
[EventDate "2005.??.??"]
[SourceDate "2005.04.02"]

1. g3 d5 2. Bg2 Nf6 3. Nf3 c6 4. d3 Bg4 5. Nbd2 Nbd7 6. h3 Bh5 7. O-O e6 8. b3
Bd6 9. Bb2 O-O 10. Qe1 Qe7 11. a3 a5 12. e4 dxe4 13. dxe4 e5 14. Nc4 Bc7 15. a4
Bxf3 16. Bxf3 Nc5 17. Bg2 Rfe8 18. Bc3 b6 19. Qe3 Nfd7 20. h4 Ne6 21. Bh3 f6
22. Kg2 Rad8 23. Rfd1 Qc5 24. Bxe6+ Rxe6 25. Qxc5 Nxc5 26. Rxd8+ Bxd8 27. Rd1
Bc7 28. f3 Kf7 29. Be1 Ke7 30. h5 Nd7 31. Bc3 Bd6 32. Ne3 g6 33. hxg6 hxg6 34.
Rh1 Nf8 35. Nc4 Bc5 36. Nb2 Bd4 37. Bxd4 exd4 38. Rd1 c5 39. Nd3 g5 40. Nb2 g4
41. Rh1 f5 42. Re1 Nh7 43. e5 gxf3+ 44. Kxf3 Rh6 45. Re2 Ke6 46. Nc4 Ng5+ 47.
Kg2 Ne4 48. Kf3 Rg6 49. Rg2 Ng5+ 50. Kf4 Nh3+ 51. Kf3 Ng5+ 52. Kf4 Nf7 53. Re2
Rg4+ 54. Kf3 Ng5+ 55. Kg2 Ne4 56. Nxb6 Rxg3+ 57. Kh2 Re3 58. Rg2 f4 59. Nc4 f3
60. Nxe3 dxe3 61. Rg4 f2 62. Kg2 e2 0-1

[Event "2. Bundesliga Mitte (10)"]
[Site "?"]
[Date "2005.04.02"]
[Round "10.6"]
[White "Vajda, Albert"]
[Black "Bukal, Vladimir jun"]
[Result "1/2-1/2"]
[WhiteElo "2423"]
[BlackElo "2390"]
[PlyCount "108"]
[EventDate "2005.??.??"]
[SourceDate "2005.04.02"]

1. e4 e6 2. d4 d5 3. Nd2 Be7 4. Ngf3 Nf6 5. e5 Nfd7 6. Bd3 c5 7. c3 Nc6 8. O-O
a5 9. a3 a4 10. Qe2 cxd4 11. cxd4 Nb6 12. Nb1 Na5 13. Nc3 Bd7 14. Be3 Nbc4 15.
Rab1 b5 16. Nd2 Qb6 17. Qg4 g6 18. Nf3 h6 19. Na2 Nc6 20. Rfd1 Kd8 21. Nc3 N6a5
22. Qf4 Be8 23. Nd2 Rc8 24. Nxc4 Nxc4 25. Qf3 Qb7 26. Rdc1 Rc7 27. Qd1 Bd7 28.
Na2 Ke8 29. Nc3 Kf8 30. Bxc4 Rxc4 31. Ne2 Kg7 32. Qd2 Bc6 33. Nf4 Bg5 34. Nd3
Rxd4 35. f4 Rxd3 36. Qxd3 d4 37. Qxd4 Rd8 38. Qc3 Be7 39. Qxc6 Rd1+ 40. Rxd1
Qxc6 41. Rbc1 Qe4 42. Kf2 g5 43. Rd4 Qb7 44. fxg5 hxg5 45. Rcd1 Bc5 46. Rg4
Bxe3+ 47. Kxe3 Qb6+ 48. Rdd4 f6 49. exf6+ Kxf6 50. Ke2 Qc6 51. h3 e5 52. Rb4
Kf5 53. Kf2 Qc5+ 54. Kg3 Qd6 1/2-1/2

[Event "2. Bundesliga Mitte (11)"]
[Site "?"]
[Date "2005.04.03"]
[Round "11.5"]
[White "Töfferl, Heimo"]
[Black "Sandner, Wolfgang"]
[Result "1-0"]
[WhiteElo "2161"]
[BlackElo "2237"]
[PlyCount "29"]
[EventDate "2005.??.??"]
[SourceDate "2005.04.02"]

1. d4 d6 2. c4 Nf6 3. Nc3 g6 4. e4 Bg7 5. f3 Na6 6. Be3 O-O 7. Bd3 c5 8. d5 e6
9. Nge2 exd5 10. cxd5 Nc7 11. Qd2 Rb8 12. O-O b5 13. Rae1 Re8 14. Ng3 Nfxd5 15.
Nxd5 1-0

[Event "2. Bundesliga Mitte (11)"]
[Site "?"]
[Date "2005.04.03"]
[Round "11.1"]
[White "Uhlmann, Wolfgang"]
[Black "Horvath, Csaba"]
[Result "1/2-1/2"]
[WhiteElo "2406"]
[BlackElo "2565"]
[PlyCount "41"]
[EventDate "2005.??.??"]
[SourceDate "2005.04.02"]

1. c4 e6 2. d4 Nf6 3. Nf3 d5 4. Nc3 dxc4 5. e3 a6 6. a4 c5 7. Bxc4 Nc6 8. O-O
Be7 9. Qe2 cxd4 10. Rd1 e5 11. exd4 exd4 12. Nxd4 Nxd4 13. Qe3 O-O 14. Rxd4 Qc7
15. Qf4 Qxf4 16. Bxf4 Bf5 17. Rad1 Rac8 18. Nd5 Bc5 19. Nxf6+ gxf6 20. R4d2 Bb4
21. Rd4 1/2-1/2

[Event "2. Bundesliga Mitte (11)"]
[Site "?"]
[Date "2005.04.03"]
[Round "11.2"]
[White "Butunoi, Alexandru"]
[Black "Hirmann, Dietmar"]
[Result "1/2-1/2"]
[WhiteElo "2372"]
[BlackElo "2270"]
[PlyCount "58"]
[EventDate "2005.??.??"]
[SourceDate "2005.04.02"]

1. e4 e5 2. Nf3 Nc6 3. Bb5 a6 4. Ba4 Nf6 5. O-O b5 6. Bb3 Bc5 7. Nxe5 Nxe5 8.
d4 Bxd4 9. Qxd4 d6 10. f4 c5 11. Qc3 Ng6 12. e5 Ne4 13. Qd3 Bb7 14. Bd5 Bxd5
15. Qxd5 f5 16. exd6 Ne7 17. Qd3 Qxd6 18. Be3 O-O-O 19. Qxd6 Rxd6 20. Nc3 Nxc3
21. bxc3 Rc6 22. Rad1 Rd8 23. Rxd8+ Kxd8 24. Rd1+ Kc7 25. Kf2 g6 26. Kf3 Rd6
27. Re1 Re6 28. Rd1 Rd6 29. Re1 Re6 1/2-1/2

[Event "2. Bundesliga Mitte (11)"]
[Site "?"]
[Date "2005.04.03"]
[Round "11.3"]
[White "Taggatz, Mario"]
[Black "Supancic, Darko"]
[Result "1/2-1/2"]
[WhiteElo "2225"]
[BlackElo "2372"]
[PlyCount "38"]
[EventDate "2005.??.??"]
[SourceDate "2005.04.02"]

1. Nf3 c5 2. c4 g6 3. d4 cxd4 4. Nxd4 Nc6 5. e4 Nf6 6. Nc3 Nxd4 7. Qxd4 d6 8.
Be2 Bg7 9. Be3 O-O 10. Qd2 Be6 11. O-O Qa5 12. Rfc1 Rfc8 13. b3 a6 14. Rab1 Qb4
15. Qe1 Rab8 16. Ba7 Ra8 17. Be3 Rab8 18. Ba7 Ra8 19. Be3 Rab8 1/2-1/2

[Event "2. Bundesliga Mitte (11)"]
[Site "?"]
[Date "2005.04.03"]
[Round "11.1"]
[White "Schöpf, Andreas"]
[Black "Rogic, Davor"]
[Result "0-1"]
[WhiteElo "2165"]
[BlackElo "2482"]
[PlyCount "69"]
[EventDate "2005.??.??"]
[SourceDate "2005.04.02"]

1. e4 e5 2. Nf3 Nc6 3. Bc4 Bc5 4. c3 Nf6 5. d4 exd4 6. cxd4 Bb4+ 7. Nc3 Nxe4 8.
O-O Bxc3 9. d5 Ne5 10. bxc3 Nxc4 11. Qd4 O-O 12. Qxe4 b5 13. d6 c6 14. Ng5 f5
15. Qh4 h6 16. Re1 Nxd6 17. Qh5 Qf6 18. Nh3 Nc4 19. Nf4 Kh7 20. Qf3 Bb7 21. Nh5
Qf7 22. Bf4 Rae8 23. h4 d6 24. Ng3 Ne5 25. Qd1 Re6 26. Qc2 Ng6 27. Qd2 Nxh4 28.
Bxd6 Rd8 29. Rxe6 Qxe6 30. Rd1 c5 31. Nh5 Bf3 32. Qf4 Bxd1 33. Qxh4 Rxd6 34.
Nf4 Qf6 35. Qg3 0-1

[Event "2. Bundesliga Mitte (11)"]
[Site "?"]
[Date "2005.04.03"]
[Round "11.4"]
[White "Stuhlik, Marko"]
[Black "Tratar, Marko"]
[Result "1/2-1/2"]
[WhiteElo "2246"]
[BlackElo "2473"]
[PlyCount "42"]
[EventDate "2005.??.??"]
[SourceDate "2005.04.02"]

1. g3 d5 2. Bg2 c6 3. Nf3 Bg4 4. d3 Nd7 5. Nbd2 e5 6. e4 dxe4 7. dxe4 Ngf6 8.
h3 Bh5 9. O-O Qc7 10. Qe2 Be7 11. b3 O-O 12. Bb2 Rfe8 13. Rfe1 Bf8 14. Qf1 Rad8
15. a4 Nc5 16. Bc3 Nfd7 17. Nc4 f6 18. Ne3 Bf7 19. Nd2 Ne6 20. Kh2 Bc5 21. Nf5
Bf8 1/2-1/2

[Event "2. Bundesliga Mitte (11)"]
[Site "?"]
[Date "2005.04.03"]
[Round "11.4"]
[White "Ceschia, Ivano"]
[Black "Niederwieser, Peter"]
[Result "1-0"]
[WhiteElo "2324"]
[BlackElo "2186"]
[PlyCount "33"]
[EventDate "2005.??.??"]
[SourceDate "2005.04.02"]

1. e4 c5 2. Nf3 e6 3. Nc3 d6 4. d4 cxd4 5. Qxd4 a6 6. Bg5 Nc6 7. Qd2 Qa5 8. Be2
Nf6 9. O-O Be7 10. Bxf6 Bxf6 11. Qxd6 Be7 12. Qg3 O-O 13. e5 f5 14. Bc4 b5 15.
Bb3 f4 16. Qh3 Rf5 17. Qxf5 1-0

[Event "2. Bundesliga Mitte (11)"]
[Site "?"]
[Date "2005.04.03"]
[Round "11.1"]
[White "Flumbort, Andras"]
[Black "Shengelia, David"]
[Result "0-1"]
[WhiteElo "2490"]
[BlackElo "2482"]
[PlyCount "60"]
[EventDate "2005.??.??"]
[SourceDate "2005.04.02"]

1. Nf3 d5 2. d4 c6 3. c4 Bf5 4. Nc3 e6 5. e3 Nd7 6. Bd3 Bxd3 7. Qxd3 Ngf6 8.
O-O Bb4 9. a3 Bxc3 10. bxc3 Qa5 11. cxd5 cxd5 12. a4 O-O 13. Nd2 Rfc8 14. Bb2
Rc6 15. Rfb1 Rac8 16. h3 Qc7 17. a5 Ra6 18. Qb5 h6 19. Ra4 Qc6 20. Ba1 Qxb5 21.
Rxb5 Ne8 22. f3 Nd6 23. Rb1 Nb6 24. Ra2 Nbc4 25. Nxc4 Rxc4 26. Rb3 Rc7 27. Kf2
Nc4 28. e4 b6 29. exd5 exd5 30. Rb5 Rd7 0-1

[Event "2. Bundesliga Mitte (11)"]
[Site "?"]
[Date "2005.04.03"]
[Round "11.5"]
[White "Stadler, Peter"]
[Black "Wagner, Stefan"]
[Result "1/2-1/2"]
[WhiteElo "2183"]
[BlackElo "2174"]
[PlyCount "49"]
[EventDate "2005.??.??"]
[SourceDate "2005.04.02"]

1. d4 Nf6 2. Nc3 d5 3. Bg5 e6 4. e4 dxe4 5. Nxe4 Be7 6. Bxf6 Bxf6 7. Nf3 b6 8.
c3 Bb7 9. Bd3 Nd7 10. Qe2 Be7 11. O-O-O O-O 12. h4 Nf6 13. Neg5 Bxf3 14. Nxf3
Qd5 15. Kb1 Rad8 16. Rhg1 c5 17. g4 Qb7 18. g5 Nh5 19. Be4 Qc7 20. Ne5 g6 21.
Bf3 Ng7 22. dxc5 Bxc5 23. Ng4 Rxd1+ 24. Rxd1 Rd8 25. Nf6+ 1/2-1/2

[Event "2. Bundesliga Mitte (11)"]
[Site "?"]
[Date "2005.04.03"]
[Round "11.5"]
[White "Oberngruber, Thomas"]
[Black "Smole, Albert"]
[Result "0-1"]
[WhiteElo "2150"]
[BlackElo "2143"]
[PlyCount "59"]
[EventDate "2005.??.??"]
[SourceDate "2005.04.02"]

1. e4 e5 2. Bc4 Nf6 3. d3 Be7 4. Nc3 O-O 5. Nge2 c6 6. Ng3 d5 7. Bb3 Na6 8. O-O
Nc5 9. Qe1 a5 10. a3 Nxb3 11. cxb3 dxe4 12. dxe4 Be6 13. Nce2 Qd3 14. Bd2 Bxb3
15. Bc3 Qb5 16. f3 Rfe8 17. Qd2 Rad8 18. Qc1 Nd7 19. f4 Bc4 20. a4 Qa6 21. Qe1
Bh4 22. Rf2 Nc5 23. Nc1 f6 24. fxe5 fxe5 25. Bxa5 Rd7 26. Bd2 Red8 27. Qe3 Ne6
28. Qc3 Ng5 29. b3 Bxg3 30. Bxg5 0-1

[Event "2. Bundesliga Mitte (11)"]
[Site "?"]
[Date "2005.04.03"]
[Round "11.2"]
[White "Horvath, Peter"]
[Black "Vajda, Albert"]
[Result "1-0"]
[WhiteElo "2477"]
[BlackElo "2423"]
[PlyCount "69"]
[EventDate "2005.??.??"]
[SourceDate "2005.04.02"]

1. d4 Nf6 2. c4 c5 3. d5 b5 4. cxb5 a6 5. bxa6 Bxa6 6. Nc3 d6 7. e4 Bxf1 8.
Kxf1 g6 9. g3 Bg7 10. Kg2 O-O 11. Nf3 Nbd7 12. Re1 Qb8 13. h3 Qb7 14. Re2 Nb6
15. Bg5 Rfe8 16. Rc1 h6 17. Bxf6 Bxf6 18. b3 Rec8 19. Nb5 Qd7 20. Qd3 Kg7 21.
Rec2 Rcb8 22. a4 c4 23. bxc4 Nxa4 24. Nfd4 Rc8 25. Nc6 Nc5 26. Qe3 Rxc6 27.
dxc6 Qxc6 28. Re1 Ra4 29. Kh2 Rb4 30. Qd2 Ra4 31. Qd5 Qb6 32. f4 Qa5 33. Ree2
Ba1 34. e5 e6 35. Qxd6 1-0

[Event "2. Bundesliga Mitte (11)"]
[Site "?"]
[Date "2005.04.03"]
[Round "11.1"]
[White "Hellmayr, Alois"]
[Black "Mohr, Georg"]
[Result "1-0"]
[WhiteElo "2324"]
[BlackElo "2444"]
[PlyCount "56"]
[EventDate "2005.??.??"]
[SourceDate "2005.04.02"]

1. d4 Nf6 2. Nf3 c5 3. c3 e6 4. Nbd2 d5 5. e3 Nc6 6. Bd3 Qc7 7. Qe2 a6 8. O-O
Bd7 9. Re1 h6 10. e4 cxd4 11. Nxd4 Nxd4 12. cxd4 dxe4 13. Nxe4 Nxe4 14. Qxe4
Bd6 15. Qh4 Bc6 16. Bd2 Be7 17. Qh5 Qd7 18. Bc4 g6 19. Qe5 O-O-O 20. Rac1 Bd6
21. Qf6 Kb8 22. Be3 Rc8 23. Red1 h5 24. d5 exd5 25. Qd4 Rcd8 26. Bxd5 Bc7 27.
Qa7+ Kc8 28. Qa8+ Bb8 1-0

[Event "2. Bundesliga Mitte (11)"]
[Site "?"]
[Date "2005.04.03"]
[Round "11.3"]
[White "Ragger, Markus"]
[Black "Bukal, Vladimir jun"]
[Result "1-0"]
[WhiteElo "2428"]
[BlackElo "2390"]
[PlyCount "73"]
[EventDate "2005.??.??"]
[SourceDate "2005.04.02"]

1. e4 e6 2. d4 d5 3. Nc3 Bb4 4. Nge2 Ne7 5. a3 Ba5 6. g3 Nbc6 7. Bg2 dxe4 8.
Bxe4 O-O 9. O-O Bb6 10. Be3 Nd5 11. Na4 e5 12. c4 Nxe3 13. fxe3 exd4 14. c5 Qe7
15. Bxc6 Qxe3+ 16. Rf2 d3 17. Nf4 bxc6 18. cxb6 axb6 19. Nc3 Rd8 20. Qe1 Qd4
21. Nxd3 Bg4 22. Nb4 Re8 23. Qd2 c5 24. Nbd5 Rad8 25. Qg5 Rd6 26. Qf4 f5 27.
Nxc7 Qxf4 28. Rxf4 Re5 29. Rff1 Rd2 30. Rf2 Rd3 31. Kg2 g5 32. Raf1 f4 33. gxf4
gxf4 34. Kh1 Bc8 35. Rxf4 Bb7+ 36. Kg1 Rg5+ 37. Kf2 1-0

[Event "2. Bundesliga Mitte (11)"]
[Site "?"]
[Date "2005.04.03"]
[Round "11.4"]
[White "Hatzl, Stefan"]
[Black "Kranzl, Peter"]
[Result "1/2-1/2"]
[WhiteElo "2208"]
[BlackElo "2265"]
[PlyCount "69"]
[EventDate "2005.??.??"]
[SourceDate "2005.04.02"]

1. e4 c6 2. d4 d5 3. Nd2 dxe4 4. Nxe4 Nd7 5. Bd3 Ngf6 6. Ng5 e6 7. Qe2 Bd6 8.
N1f3 h6 9. Ne4 Nxe4 10. Qxe4 Qc7 11. Bd2 c5 12. Qg4 Kf8 13. dxc5 Nxc5 14. Bc3
Nxd3+ 15. cxd3 e5 16. Qe4 Bd7 17. O-O Re8 18. d4 f5 19. Qe3 e4 20. Ne5 Kg8 21.
Rac1 Bxe5 22. dxe5 Qb8 23. Rfd1 Be6 24. Qg3 Kh7 25. Rd6 Rhf8 26. Rcd1 Qc7 27.
Qe3 a6 28. b3 Qf7 29. Qd4 Qg6 30. Re1 Rc8 31. Bb4 Rfe8 32. Qd2 Rc7 33. Ba5 Rcc8
34. Bb4 Rc7 35. Ba5 1/2-1/2

[Event "2. Bundesliga Mitte (11)"]
[Site "?"]
[Date "2005.04.03"]
[Round "11.2"]
[White "Jurkovic, Hrvoje"]
[Black "Holzweber, Martin"]
[Result "1-0"]
[WhiteElo "2448"]
[BlackElo "2177"]
[PlyCount "69"]
[EventDate "2005.??.??"]
[SourceDate "2005.04.02"]

1. e4 c5 2. Nf3 d6 3. d4 cxd4 4. Qxd4 Nc6 5. Bb5 Bd7 6. Bxc6 Bxc6 7. c4 Nf6 8.
Nc3 g6 9. O-O Bg7 10. Qd3 O-O 11. Nd4 Ng4 12. b3 Qa5 13. Nd5 Bxd5 14. exd5 e5
15. h3 e4 16. Qd1 Ne5 17. Bd2 Qd8 18. Bc3 Qh4 19. f3 Qh6 20. Kh1 Qe3 21. Qe1
Nxc4 22. bxc4 Bxd4 23. Qxe3 Bxe3 24. Rae1 Bg5 25. Rxe4 Rac8 26. Bb4 f5 27. Re6
Rxc4 28. Bxd6 Rf7 29. f4 Bf6 30. Rd1 Re4 31. Be5 Bxe5 32. fxe5 Rd7 33. d6 Kf7
34. Rf6+ Kg7 35. e6 1-0

[Event "2. Bundesliga Mitte (11)"]
[Site "?"]
[Date "2005.04.03"]
[Round "11.3"]
[White "Baumgartner, Heinz"]
[Black "Gyorkos, Lajos"]
[Result "1/2-1/2"]
[WhiteElo "2337"]
[BlackElo "2423"]
[PlyCount "81"]
[EventDate "2005.??.??"]
[SourceDate "2005.04.02"]

1. Nf3 g6 2. g3 Bg7 3. d4 d5 4. Bg2 e6 5. O-O Nc6 6. c3 Nge7 7. Nbd2 f5 8. b4
a6 9. Bb2 O-O 10. a4 Bd7 11. Qb3 b5 12. e3 Rb8 13. axb5 axb5 14. Ne1 Nc8 15.
Nd3 Nb6 16. Nc5 Bc8 17. f4 g5 18. Rae1 Kh8 19. Nf3 Bf6 20. Nxg5 Bxg5 21. fxg5
Qe7 22. Bc1 Nd8 23. Qd1 Nf7 24. Qh5 Nxg5 25. e4 Nxe4 26. Bh6 Qf7 27. Qh4 Rg8
28. Bxe4 dxe4 29. Qxe4 Rg6 30. Qe5+ Kg8 31. Bd2 h5 32. Rf4 Ra8 33. Rh4 Nc4 34.
Qf4 Ra2 35. Be3 e5 36. dxe5 Qd5 37. Bf2 Nd2 38. Re3 Nc4 39. Re1 Nd2 40. Re3 Nc4
41. Re1 1/2-1/2

[Event "2. Bundesliga Mitte (11)"]
[Site "?"]
[Date "2005.04.03"]
[Round "11.5"]
[White "Winiwarter, Felix"]
[Black "Petschar, Kurt"]
[Result "0-1"]
[WhiteElo "2219"]
[BlackElo "2271"]
[PlyCount "78"]
[EventDate "2005.??.??"]
[SourceDate "2005.04.02"]

1. e4 c5 2. Nf3 Nc6 3. d4 cxd4 4. Nxd4 e5 5. Nb5 d6 6. N1c3 a6 7. Na3 b5 8. Nd5
Rb8 9. c3 Nce7 10. Be2 Nxd5 11. exd5 Nf6 12. O-O Be7 13. Nc2 a5 14. a4 bxa4 15.
Rxa4 Bd7 16. Ra3 O-O 17. c4 Ne4 18. Ne3 f5 19. Qc2 Nc5 20. f4 exf4 21. Nd1 Bg5
22. Kh1 Re8 23. Bxf4 Bxf4 24. Rxf4 Ba4 25. Qd2 Bxd1 26. Qxd1 Rxb2 27. Bf1 g6
28. h3 a4 29. Kh2 Qf6 30. Rff3 Re4 31. Kg1 Qd4+ 32. Qxd4 Rxd4 33. Rae3 Re4 34.
g4 fxg4 35. hxg4 Rxg4+ 36. Kh1 Re4 37. Bh3 Rxe3 38. Rxe3 Rb3 39. Be6+ Kg7 {
Zeitueberschreitung} 0-1

[Event "2. Bundesliga Mitte (11)"]
[Site "?"]
[Date "2005.04.03"]
[Round "11.5"]
[White "Testor, Sebastian"]
[Black "Pesorda, Ivan"]
[Result "0-1"]
[WhiteElo "2182"]
[BlackElo "2242"]
[PlyCount "94"]
[EventDate "2005.??.??"]
[SourceDate "2005.04.02"]

1. d4 Nf6 2. c4 c6 3. Nc3 d5 4. e3 a6 5. Qc2 b5 6. b3 Bg4 7. Bd3 Nbd7 8. f3 Bh5
9. Nge2 Bg6 10. Bb2 Rc8 11. c5 e5 12. b4 Be7 13. a4 Qc7 14. Ng3 O-O 15. Bxg6
hxg6 16. a5 Rfe8 17. O-O-O exd4 18. exd4 Nf8 19. Kb1 Ne6 20. Bc1 Bd8 21. Nge2
Nh5 22. g3 Qb8 23. Rdg1 Bc7 24. g4 Nhf4 25. h4 Re7 26. h5 g5 27. Nxf4 Bxf4 28.
Rd1 Bxc1 29. Qxc1 Qf4 30. Qxf4 Nxf4 31. Kc2 Re3 32. Rhe1 Ng2 33. Rxe3 Nxe3+ 34.
Kd2 Nxd1 35. Nxd1 Re8 36. Ne3 Re6 37. Nf5 Rf6 38. Ke3 Rxf5 39. gxf5 Kh7 40. Kf2
Kh6 41. Kg3 Kxh5 42. Kh3 g6 43. fxg6 Kxg6 44. Kg4 f5+ 45. Kh3 Kh5 46. Kg3 f4+
47. Kh3 g4+ 0-1

[Event "2. Bundeslige Mitte (11)"]
[Site "?"]
[Date "2005.04.03"]
[Round "11.6"]
[White "Kainz, Josef"]
[Black "Lautner, Josef"]
[Result "0-1"]
[WhiteElo "2039"]
[BlackElo "2223"]
[PlyCount "94"]
[EventDate "2005.??.??"]
[SourceDate "2005.04.02"]

1. d4 d5 2. c4 e6 3. Nf3 c6 4. e3 Nf6 5. Nc3 Nbd7 6. Qc2 Bd6 7. g4 Qe7 8. g5
Nh5 9. e4 dxe4 10. Nxe4 e5 11. Nxd6+ Qxd6 12. Be3 exd4 13. Nxd4 Qb4+ 14. Bd2
Qc5 15. Qc3 Qe5+ 16. Be2 Nf4 17. Qf3 Nxe2 18. Qxe2 O-O 19. Qxe5 Nxe5 20. c5 Rd8
21. Nb3 Nf3+ 22. Ke2 Bg4 23. Ke3 Rd5 24. Kf4 Bh5 25. Bc3 Rxg5 26. Nd2 Re8 27.
h3 g6 28. Rad1 Rxc5 29. Kg3 Rg5+ 30. Kf4 Rd5 31. Ne4 Rxe4+ 32. Kxe4 Ng5+ 33.
Kf4 Ne6+ 34. Ke3 Rxd1 35. Rh2 g5 36. f3 Nf4 37. Ke4 Bg6+ 38. Ke5 Kg7 39. Bd2
f6+ 40. Kd6 Nd5 41. Kc5 Rf1 42. h4 h6 43. h5 Bb1 44. a4 Rxf3 45. b4 Ra3 46. a5
Ra2 47. Kd6 a6 0-1

[Event "2. Bundesliga Mitte (11)"]
[Site "?"]
[Date "2005.04.03"]
[Round "11.6"]
[White "Hatzl, Johannes"]
[Black "Petroczi, Thomas"]
[Result "1/2-1/2"]
[WhiteElo "2078"]
[BlackElo "2164"]
[PlyCount "102"]
[EventDate "2005.??.??"]
[SourceDate "2005.04.02"]

1. e4 c6 2. d4 d5 3. Nd2 g6 4. e5 h5 5. Bd3 Nh6 6. Ne2 Nf5 7. Nf3 e6 8. c3 Be7
9. Bd2 a5 10. Qc1 b6 11. Ng3 Ba6 12. Nxf5 exf5 13. Bxa6 Nxa6 14. O-O Nc7 15.
Bg5 Ne6 16. Bxe7 Qxe7 17. c4 Qd7 18. Rd1 dxc4 19. Qxc4 Qd5 20. Rac1 Qxc4 21.
Rxc4 Kd7 22. d5 cxd5 23. Rxd5+ Ke7 24. Rd6 Rhc8 25. Rcc6 Nd8 26. Rxc8 Rxc8 27.
Kf1 Rc6 28. Rd5 Ne6 29. g3 Rc5 30. Rxc5 Nxc5 31. Ke2 Na4 32. Kd2 Nxb2 33. Kc2
Na4 34. Kb3 b5 35. Nd4 Nc5+ 36. Kc2 f4 37. gxf4 Ne6 38. Nxb5 Nxf4 39. Nd4 a4
40. Kc3 g5 41. Kc4 g4 42. f3 f6 43. exf6+ Kxf6 44. fxg4 hxg4 45. Nc2 Ng2 46.
Kb4 Nh4 47. Ne3 Kg5 48. Kxa4 Nf3 49. Nf1 Kf4 50. Ng3 Nxh2 51. Nh5+ Kg5 1/2-1/2

[Event "2. Bundesliga Mitte (11)"]
[Site "?"]
[Date "2005.04.03"]
[Round "11.3"]
[White "Kirschner, Alexander"]
[Black "Hebesberger, Thomas"]
[Result "0-1"]
[WhiteElo "2216"]
[BlackElo "2346"]
[PlyCount "114"]
[EventDate "2005.??.??"]
[SourceDate "2005.04.02"]

1. c4 e5 2. Nc3 d6 3. Nf3 f5 4. d4 e4 5. Ng5 Be7 6. Nh3 Nf6 7. e3 O-O 8. Nf4 c6
9. h4 Na6 10. Be2 Nc7 11. Qb3 Rb8 12. a4 Ne6 13. g3 Nxf4 14. exf4 Be6 15. Be3
d5 16. c5 b6 17. cxb6 Rxb6 18. Qc2 a5 19. Kf1 Qa8 20. Kg2 Rfb8 21. Nd1 Bc8 22.
Bd2 Ba6 23. Bc3 Bb4 24. Ra2 h5 25. Ne3 g6 26. Rc1 Bxe2 27. Qxe2 Ng4 28. Nd1 Kf7
29. Rc2 Qa6 30. Qxa6 Rxa6 31. Ra1 Ke6 32. Rac1 Kd7 33. Kg1 Bf8 34. Kg2 Rb3 35.
Ra1 Bb4 36. Re2 Rb6 37. Rc2 Kd6 38. Rcc1 Rb8 39. Rc2 Bxc3 40. bxc3 c5 41. Rd2
Rb1 42. Rxb1 Rxb1 43. Nb2 c4 44. Nd1 Kc6 45. Kf1 Ra1 46. Ke2 Nf6 47. Nb2 Ra3
48. Rc2 Nd7 49. Kd2 Nb6 50. Kc1 Ra1+ 51. Kd2 Nxa4 52. Nxa4 Rxa4 53. Rb2 Ra1 54.
Rb8 Ra2+ 55. Kd1 Rxf2 56. Rg8 a4 57. Rxg6+ Kb5 0-1

[Event "2. Bundesliga Mitte (11)"]
[Site "?"]
[Date "2005.04.03"]
[Round "11.2"]
[White "Lazarev, Vladimir"]
[Black "Seifert, Volker"]
[Result "1-0"]
[WhiteElo "2516"]
[BlackElo "2329"]
[PlyCount "103"]
[EventDate "2005.??.??"]
[SourceDate "2005.04.02"]

1. d4 Nf6 2. c4 e6 3. Nc3 Bb4 4. Qc2 c5 5. dxc5 Qc7 6. Nf3 Bxc5 7. g3 Qb6 8. e3
Be7 9. Bg2 d6 10. O-O O-O 11. b3 a6 12. Bb2 h6 13. Rfd1 Qc7 14. Nd4 Nbd7 15.
Rac1 Rb8 16. h3 Re8 17. Rd2 Nf8 18. Qd1 Rd8 19. e4 Bd7 20. Kh1 Qc8 21. Nd5 Ng6
22. Nxe7+ Nxe7 23. Ba3 e5 24. Bxd6 Bg4 25. hxg4 Rxd6 26. Nf5 Nxf5 27. gxf5 Rxd2
28. Qxd2 Qc7 29. Rd1 Rc8 30. Bf3 b5 31. cxb5 axb5 32. Kg2 Qc5 33. Qa5 Qc6 34.
Rd8+ Rxd8 35. Qxd8+ Kh7 36. Qe7 Qc3 37. Qxf7 Qd4 38. Qb7 b4 39. Qc6 Qd2 40. Qc4
Qe1 41. Qd3 Kh8 42. Qa6 Kh7 43. Qa8 Qc3 44. Qa7 Qe1 45. Qb7 Qc3 46. Qb6 Kh8 47.
Qd6 Kh7 48. a3 bxa3 49. Qxa3 h5 50. Qd6 Qa5 51. b4 Qb5 52. Qc5 1-0

[Event "2. Bundesliga Mitte (11)"]
[Site "?"]
[Date "2005.04.03"]
[Round "11.6"]
[White "Titz, Heimo"]
[Black "Woeber, Friedrich"]
[Result "1/2-1/2"]
[WhiteElo "2191"]
[BlackElo "2214"]
[PlyCount "103"]
[EventDate "2005.??.??"]
[SourceDate "2005.04.02"]

1. c4 e6 2. g3 Nf6 3. Bg2 d5 4. Nf3 dxc4 5. Qa4+ c6 6. Qxc4 b5 7. Qc2 Bb7 8.
O-O Nbd7 9. a4 a6 10. Nc3 Qb6 11. d3 c5 12. axb5 axb5 13. Rxa8+ Bxa8 14. Qb3
Nd5 15. Bd2 Be7 16. Ra1 Bc6 17. Ne1 Nxc3 18. Bxc3 Bxg2 19. Nxg2 O-O 20. Qa2 b4
21. Bd2 Bf6 22. Qb3 Ne5 23. Ne3 Nc6 24. Nc4 Nd4 25. Qd1 Qc6 26. Be3 Nf5 27. Ra5
Nxe3 28. fxe3 Ra8 29. Qa1 Rxa5 30. Qxa5 h5 31. Qa7 Qd5 32. Qb8+ Kh7 33. Qf4 Qa8
34. Qf3 Qa1+ 35. Kf2 h4 36. Qh5+ Kg8 37. Nd6 hxg3+ 38. hxg3 Qa7 39. b3 g6 40.
Qf3 Qa6 41. Nc4 Kg7 42. Kg2 Qc8 43. e4 Qc6 44. e5 Qxf3+ 45. exf3 Be7 46. f4 g5
47. Kf3 f5 48. exf6+ Kxf6 49. Ke4 gxf4 50. gxf4 Bf8 51. Ne3 Ke7 52. f5 1/2-1/2